Pravacanasāraḥ. (Record no. 67803)

MARC details
000 -LEADER
fixed length control field 01278cam a22003251 4500
001 - CONTROL NUMBER
control field sa 66001427
003 - CONTROL NUMBER IDENTIFIER
control field DLC
005 - DATE AND TIME OF LATEST TRANSACTION
control field 20260227112222.0
008 - FIXED-LENGTH DATA ELEMENTS--GENERAL INFORMATION
fixed length control field 900828s1964 ii b 001 0 prao
010 ## - LIBRARY OF CONGRESS CONTROL NUMBER
LC control number sa 66001427
035 ## - SYSTEM CONTROL NUMBER
System control number (OCoLC)22286971
040 ## - CATALOGING SOURCE
Original cataloging agency DLC
Transcribing agency WaU
Modifying agency DLC
041 0# - LANGUAGE CODE
Language code of text/sound track or separate title praenghinsan
050 00 - LIBRARY OF CONGRESS CALL NUMBER
Classification number BL1316.K85
Item number P7 1964
100 0# - MAIN ENTRY--PERSONAL NAME
Personal name Kundakunda.
245 10 - TITLE STATEMENT
Title Pravacanasāraḥ.
260 ## - PUBLICATION, DISTRIBUTION, ETC.
Date of publication, distribution, etc. [1964]
300 ## - PHYSICAL DESCRIPTION
Extent 32, 130, 444 p.
Dimensions 25 cm.
500 ## - GENERAL NOTE
General note Added t. p. in English.
500 ## - GENERAL NOTE
General note Includes commentaries by Amr̥tacandra, Jayaṣena and Hemarāja.
500 ## - GENERAL NOTE
General note English and Prakrit; commentaries in Sanskirt or Hindi; pref., contents, introd., critical apparatus and index in English.
500 ## - GENERAL NOTE
General note The introduction to this work, along with other papers, was submitted by the editor for the D. Litt degree, Bombay University, 1939.
504 ## - BIBLIOGRAPHY, ETC. NOTE
Bibliography, etc. note Bibliographical footnotes.
600 00 - SUBJECT ADDED ENTRY--PERSONAL NAME
Personal name Kundakunda.
Title of a work Pravacanasāraḥ.
700 1# - ADDED ENTRY--PERSONAL NAME
Personal name Upādhye, Ā. Ne.
Fuller form of name (Ādinātha Neminātha),
Dates associated with a name 1906-1975.
700 0# - ADDED ENTRY--PERSONAL NAME
Personal name Amr̥tacandra,
Dates associated with a name active 10th century.
Title of a work Tattvadīpikā.
700 0# - ADDED ENTRY--PERSONAL NAME
Personal name Jayasena,
Dates associated with a name active 12th century.
Title of a work Tātparyavr̥tti.
700 1# - ADDED ENTRY--PERSONAL NAME
Personal name Pāṇḍe, Hemarāja,
Dates associated with a name active 1653-1668.
Title of a work Bālabodhinī.
740 0# - ADDED ENTRY--UNCONTROLLED RELATED/ANALYTICAL TITLE
Uncontrolled related/analytical title Pravayaṇasāra.

No items available.

Powered by Koha